The Classical Hollywood Cinema / Film Style and Mode of Production 1960 (Record no. 4003)
[ view plain ]
| 000 -LEADER | |
|---|---|
| fixed length control field | 01299cam a22002294a 4500 |
| 005 - ΗΜΕΡΟΜΗΝΙΑ ΚΑΙ ΩΡΑ ΤΕΛΕΥΤΑΙΑΣ ΕΝΗΜΕΡΩΣΗΣ | |
| Πεδίο ελέγχου | 20250605164133.0 |
| 008 - FIXED-LENGTH DATA ELEMENTS--GENERAL INFORMATION | |
| Πεδίο ελέγχου σταθερού μήκους | 250528s ||||||||||||||||||||||||d |
| 035 ## - SYSTEM CONTROL NUMBER | |
| System control number | 18658 |
| 020 ## - ISBN | |
| ISBN | 415003830 |
| 040 ## - ΠΗΓΗ ΚΑΤΑΛΟΓΟΓΡΑΦΗΣΗΣ | |
| Φορέας πρωτότυπης καταλογογράφησης | MC Athens Campus Library |
| Γλώσσα καταλογογράφησης | Ελληνικά, Μοντέρνα (1453-) |
| Modifying agency | MC Athens Campus Library |
| Κανόνες περιγραφικής καταλογογράφησης | AACR2 |
| 245 1# - ΤΙΤΛΟΣ ΚΑΙ ΔΗΛΩΣΗ ΥΠΕΥΘΥΝΟΤΗΤΑΣ | |
| Τίτλος | The Classical Hollywood Cinema / Film Style and Mode of Production 1960 |
| 260 ## - PUBLICATION, DISTRIBUTION, ETC. | |
| Name of publisher, distributor, etc. | Rouledge, |
| Date of publication, distribution, etc. | 1994 |
| 300 ## - PHYSICAL DESCRIPTION | |
| Extent | 512 |
| 505 0# - FORMATTED CONTENTS NOTE | |
| Formatted contents note | Acknowledgements, Preface, The Classical Hollywood Style 1917-1960, The Hollywood Mode of Production to 1930, The Formulation of the Classical Stylwe 1909-1928, Film Style and Technology to 1930, The Hollywood Mode of Production 1930-1960, Film Style and Technology 1930-1960, Historical Implications of the Classical Hollywood Cinema, Envoi, Notes, Index. |
| 520 ## - SUMMARY, ETC. | |
| Summary, etc. | Acknowledgements, Preface, The Classical Hollywood Style 1917-1960, The Hollywood Mode of Production to 1930, The Formulation of the Classical Stylwe 1909-1928, Film Style and Technology to 1930, The Hollywood Mode of Production 1930-1960, Film Style and Technology 1930-1960, Historical Implications of the Classical Hollywood Cinema, Envoi, Notes, Index. |
| 700 1# - ΠΡΟΣΘΕΤΗ ΑΝΑΓΡΑΦΗ--ΦΥΣΙΚΟ ΠΡΟΣΩΠΟ | |
| Personal name | Bordwell David |
| 9 (RLIN) | 4913 |
| 700 1# - ΠΡΟΣΘΕΤΗ ΑΝΑΓΡΑΦΗ--ΦΥΣΙΚΟ ΠΡΟΣΩΠΟ | |
| Personal name | Staiger Janet |
| 9 (RLIN) | 4926 |
| 700 1# - ΠΡΟΣΘΕΤΗ ΑΝΑΓΡΑΦΗ--ΦΥΣΙΚΟ ΠΡΟΣΩΠΟ | |
| Personal name | Thompson Kristin |
| 9 (RLIN) | 4914 |
| 942 ## - ADDED ENTRY ELEMENTS (KOHA) | |
| Koha item type | Books |
| Τύπος τεκμηρίου | Βιβλιοθήκη | Τρέχουσα τοποθεσία | Barcode | Αριθμός εισαγωγής | Ημερομηνία απόκτησης | Ταξιθετικό σύμβολο | Αριθμός αντιτύπου | Κατάσταση απόσυρσης | Κατάσταση χαμένου | Κατάσταση κατεστραμμένου | Μη δανεισμός | Σύνολο δανεισμών | Ημερομηνία τελευταίας εμφάνισης | Η τιμή ισχύει από |
|---|---|---|---|---|---|---|---|---|---|---|---|---|---|---|
| Books | MC Athens Campus Library | MC Athens Campus Library | 9780000040022 | 3565 | 05/06/2025 | 791.43/0973 BOR | 1 | 05/06/2025 | 05/06/2025 |